000 03836nab a2200385 4500
003 BR-BrBNA
005 20250908233103.0
008 250908b2024 bl.ar|pooa||| 00| 0 eng |
040 _aBR-BrBNA
_bpor
072 _aF01 ; F04 ; H50
_b0336 ; 9543 ; 3730 ; 3866 ; 3840
100 _aMoreira, Adônis
100 _aCardoso, Bruna Miguel
100 _aDameto, Larissa Sartori
100 _aDelfim, Jorge
100 _aMoraes, Larissa Alexandra Cardoso
100 _aLazarini, Edson
245 _aMolybdenum and nickel foliar application on soybean yield and oil and protein contents
500 _aSummaries (En, Pt); 30 ref.; 2 illus.; 4 tables
520 _aAbstract – The objective of this work was to evaluate the effect of the foliar application of molybdenum (Mo) and nickel (Ni) on the grain yield, yield components, and oil and protein contents in the grains of soybean cultivated under two edaphoclimatic conditions in Brazil. The following soybean genotypes were evaluated at the beginning of the R1–R2 growth stage: 'Brasmax Desafio RR', in the municipality of Londrina, in the state of Paraná; and 'TMG 7063 IPRO' and 'Brasmax Desafio RR', in the municipality of Selvíria, in the state of Mato Grosso do Sul. The treatments consisted in the application of four Mo rates (0, 400, 800, and 1,600 g ha-1) and three Ni rates (0, 60, and 120 g ha-1). The soybean genotypes exhibited varying responses to the two edaphoclimatic conditions. The foliar application of Mo is an effective strategy to increase the grain yield and protein content of 'TMG 7063 IPRO' e 'Brasmax Desafio RR'. However, with the application of 120 g ha-1 Ni, both genotypes show the worst performance for yield components and oil and protein contents. The 'Brasmax Desafio RR' genotype presents varied responses across different soil and climate conditions. Index terms: Glycine max, grain quality, micronutrients.
520 _aResumo – O objetivo deste trabalho foi avaliar o efeito da aplicação foliar de molibdênio (Mo) e níquel (Ni) sobre o rendimento de grãos, os componentes de produção e os teores de óleo e proteína nos grãos de soja cultivada sob duas condições edafoclimáticas no Brasil. Os seguintes genótipos de soja foram avaliados no início do estádio de crescimento reprodutivo R1–R2: 'Brasmax Desafio RR', no município de Londrina, no estado do Paraná; e 'TMG 7063 IPRO' e 'Brasmax Desafio RR', no município de Selvíria, no estado de Mato Grosso do Sul. Os tratamentos consistiram na aplicação de quatro doses de Mo (0, 400, 800 e 1.600 g ha-1) e três doses de Ni (0, 60 e 120 g ha-1). Os genótipos de soja apresentaram respostas distintas às duas condições edafoclimáticas. A aplicação foliar de Mo é uma estratégia eficaz para aumentar o rendimento de grãos e o teor de proteína em 'TMG 7063 IPRO' e 'Brasmax Desafio RR'. No entanto, com a aplicação de 120 g ha-1 de Ni, ambos os genótipos apresentam o pior desempenho quanto aos componentes de rendimento e aos teores de óleo e proteína. O genótipo 'Brasmax Desafio RR' apresenta respostas variadas em diferentes condições de solo e clima. Termos para indexação: Glycine max, qualidade de grãos, micronutrientes.
650 _aSOJA
650 _aÓLEO
650 _aPROTEÍNA
650 _aAPLICAÇÃO
650 _aFOLHA
650 _aMICRONUTRIENTE
650 _aFERTILIZANTE
650 _aMOLIBDÊNIO
650 _aNÍQUEL
650 _aRENDIMENTO
773 0 _0920
_9357578
_dBrasília-DF Empresa Brasileira de Pesquisa Agropecuária - EMBRAPA 1966-
_o2025-5543
_tPesquisa Agropecuária Brasileira (Brazil)
_x0100-204X
_gv. 59 p. 1-10; (2024)
_wBR2025002378
856 _uhttps://www.scielo.br/j/pab/a/3ZydpDvVNcpdXfj5vkZ5XmS/?format=pdf&lang=en
942 _cANA
999 _c338072
_d338072